Integrated principles of zoology/ (Record no. 7582)

MARC details
000 -LEADER
fixed length control field 00675nam a22002177a 4500
003 - CONTROL NUMBER IDENTIFIER
control field OSt
005 - DATE AND TIME OF LATEST TRANSACTION
control field 20260120043606.0
008 - FIXED-LENGTH DATA ELEMENTS--GENERAL INFORMATION
fixed length control field 260120b |||||||| |||| 00| 0 eng d
020 ## - INTERNATIONAL STANDARD BOOK NUMBER
International Standard Book Number 007-123629-5
040 ## - CATALOGING SOURCE
Original cataloging agency DWC-Main lib
Transcribing agency OC
082 ## - DEWEY DECIMAL CLASSIFICATION NUMBER
Edition number 12th edition
Classification number Circ. 590.21 In61 2004
100 ## - MAIN ENTRY--PERSONAL NAME
Personal name Roberts, Larry S.
245 ## - TITLE STATEMENT
Title Integrated principles of zoology/
Statement of responsibility, etc. Larry S. Roberts
250 ## - EDITION STATEMENT
Edition statement 12th edition
260 ## - PUBLICATION, DISTRIBUTION, ETC.
Place of publication, distribution, etc. New York :
Name of publisher, distributor, etc. McGraw-Hill Companies Inc.,
Date of publication, distribution, etc. c2004
300 ## - PHYSICAL DESCRIPTION
Extent xxi, 872 pages ;
Dimensions 23 cm.
504 ## - BIBLIOGRAPHY, ETC. NOTE
Bibliography, etc. note Includes bibliographical references and index.
650 ## - SUBJECT ADDED ENTRY--TOPICAL TERM
Topical term or geographic name entry element 1. Zoology.
760 ## - MAIN SERIES ENTRY
Edition 12th ed.
942 ## - ADDED ENTRY ELEMENTS (KOHA)
Source of classification or shelving scheme Dewey Decimal Classification
Koha item type Book Circulation
Edition 12th ed.
Classification part Circ.
Suppress in OPAC No
952 ## - LOCATION AND ITEM INFORMATION (KOHA)
--
Holdings
Withdrawn status Lost status Source of classification or shelving scheme Damaged status Not for loan Home library Current library Shelving location Date acquired Source of acquisition Cost, normal purchase price Total Checkouts Full call number Barcode Date last seen Copy number Price effective from Koha item type Uniform Resource Identifier
    Dewey Decimal Classification     College Library College Library Circulation 07/18/2005 School Fund 798.00   Circ. 590.21 In61 2004 CL42107 01/20/2026 c1 01/20/2026 BK-CIRC